[Event "Paris Apsap op 75th"]
[Site "Paris"]
[Date "2004.09.05"]
[Round "8"]
[White "Zaky, Tarik"]
[Black "Gerosch, G."]
[Result "0-1"]
[WhiteElo "1880"]
[BlackElo "2090"]
[PlyCount "66"]
[EventDate "2004.09.??"]
[EventType "swiss"]
[EventRounds "9"]
[EventCountry "FRA"]
[SourceTitle "EXT 2006"]
[Source "ChessBase"]
[SourceDate "2005.11.24"]
[SourceVersion "1"]
[SourceVersionDate "2005.11.24"]
[SourceQuality "1"]

1. e4 c5 2. Nf3 Nc6 3. d4 cxd4 4. Nxd4 Nf6 5. Nc3 d6 6. h3 e5 7. Nb3 Be6 8. Bg5 h6 9. Be3 Be7 10. Be2 0-0 11. Qd2 Na5 12. Nxa5 Qxa5 13. f4 exf4 14. Bxf4 Rac8 15. a3 d5 16. Rd1 dxe4 17. 0-0 Qb6+ 18. Be3 Qxb2 19. Bd4 Qxa3 20. Nb5 Qg3 21. Kh1 a6 22. Bf2 e3 23. Qd3 Qe5 24. Na7 Rc3 25. Bg3 Qc5 26. Qd4 Qxd4 27. Rxd4 Bc5 28. Rh4 Rxc2 29. Be5 Rxe2 30. Rxf6 gxf6 31. Bxf6 Bd6 32. g3 Bd5+ 33. Kg1 Re1+ 0-1

[Event "Paris Apsap op 75th"]
[Site "Paris"]
[Date "2004.09.02"]
[Round "4"]
[White "Briet, Guillaume"]
[Black "Zaky, Tarik"]
[Result "1-0"]
[WhiteElo "2143"]
[BlackElo "1880"]
[PlyCount "73"]
[EventDate "2004.09.??"]
[EventType "swiss"]
[EventRounds "9"]
[EventCountry "FRA"]
[SourceTitle "EXT 2006"]
[Source "ChessBase"]
[SourceDate "2005.11.24"]
[SourceVersion "1"]
[SourceVersionDate "2005.11.24"]
[SourceQuality "1"]

1. e4 e5 2. d4 exd4 3. Bc4 Bc5 4. Nf3 Nc6 5. 0-0 d6 6. c3 Bg4 7. Qb3 Na5 8. Bxf7+ Kd7 9. Qa4+ c6 10. b4 b5 11. Qd1 Nf6 12. bxc5 Rf8 13. Bb3 dxc5 14. Ne5+ Kc7 15. Nxg4 c4 16. Nxf6 Qxf6 17. Bc2 d3 18. Be3 Rad8 19. Bd4 Rxd4 20. cxd4 Qxd4 21. Nd2 dxc2 22. Qxc2 Nb7 23. Nf3 Qf6 24. e5 Qf4 25. Qd2 Qg4 26. Qe3 Rf4 27. Rfe1 Rf8 28. Rad1 c5 29. e6 b4 30. Rd7+ Kb6 31. Rf7 Re8 32. Rf4 Qg6 33. Rxc4 Kb5 34. a4+ Ka6 35. e7 Nd6 36. Qxc5 Rc8 37. Qxc8+ 1-0

[Event "Paris Apsap op 73rd"]
[Site "Paris"]
[Date "2004.08.01"]
[Round "2"]
[White "Quenum, Comlan"]
[Black "Zaky, Tarik"]
[Result "1-0"]
[WhiteElo "1610"]
[BlackElo "1880"]
[PlyCount "91"]
[EventDate "2004.08.??"]
[EventType "swiss"]
[EventRounds "9"]
[EventCountry "FRA"]
[SourceTitle "EXT 2006"]
[Source "ChessBase"]
[SourceDate "2005.11.24"]
[SourceVersion "1"]
[SourceVersionDate "2005.11.24"]
[SourceQuality "1"]

1. d4 d5 2. c4 e5 3. dxe5 d4 4. Nf3 Nc6 5. a3 Bg4 6. Nbd2 a5 7. Qb3 Ra6 8. e3 Rb6 9. Qd3 Bxf3 10. Nxf3 Bc5 11. Rb1 Nge7 12. Be2 0-0 13. 0-0 Ng6 14. exd4 Nxd4 15. Nxd4 Bxd4 16. Rd1 c5 17. Be3 Nxe5 18. Qd2 Rd6 19. b4 axb4 20. axb4 b6 21. bxc5 Bxc5 22. Qc3 Qf6 23. Bxc5 bxc5 24. Rxd6 Qxd6 25. Rd1 Qc7 26. Rd5 Re8 27. Qe3 Qb8 28. Qxc5 Ng4 29. Qd6 Qb1+ 30. Rd1 Qe4 31. Qd3 Qxd3 32. Rxd3 Ne5 33. Re3 g5 34. Kf1 f6 35. c5 Rb8 36. Ke1 Rb1+ 37. Kd2 Kf7 38. Rc3 Rb2+ 39. Ke3 Rb8 40. Ke4 Rb4+ 41. Kd5 Rb8 42. c6 Rd8+ 43. Kc5 Ke7 44. c7 Rc8 45. Kb6 Nf7 46. Bg4 1-0

[Event "FRA-chT U20 0304"]
[Site "France"]
[Date "2004.05.01"]
[Round "9"]
[White "Delory, Lucas"]
[Black "Zaky, Tarik"]
[Result "0-1"]
[WhiteElo "1500"]
[BlackElo "1099"]
[PlyCount "100"]
[EventDate "2003.11.??"]
[EventType "team-tourn"]
[EventRounds "11"]
[EventCountry "FRA"]
[SourceTitle "EXT 2005"]
[Source "ChessBase"]
[SourceDate "2004.11.15"]
[SourceVersion "1"]
[SourceVersionDate "2004.11.15"]
[SourceQuality "1"]
[WhiteTeam "Grasse"]
[BlackTeam "Clichy"]
[WhiteTeamCountry "FRA"]
[BlackTeamCountry "FRA"]

1. d4 Nf6 2. c4 e6 3. Nf3 Bb4+ 4. Bd2 Qe7 5. a3 Bxd2+ 6. Qxd2 b6 7. e3 Bb7 8. Be2 Ne4 9. Qc2 f5 10. Nc3 Nxc3 11. Qxc3 d6 12. 0-0 Nd7 13. d5 e5 14. b4 0-0 15. Rab1 Rf6 16. Rfd1 Raf8 17. c5 dxc5 18. bxc5 e4 19. d6 cxd6 20. cxd6 Rxd6 21. Rxd6 Qxd6 22. Bc4+ Kh8 23. Ng5 Ne5 24. Ba2 h6 25. Ne6 Rc8 26. Qb3 Qd3 27. Nd4 Qxb3 28. Bxb3 g6 29. Nb5 a6 30. Nd6 Rc7 31. Nxb7 Rxb7 32. Rc1 Kg7 33. Rc8 Rd7 34. Re8 Nf7 35. Re6 Rd6 36. Re7 Rf6 37. h3 Kf8 38. Rxf7+ Rxf7 39. Bxf7 Kxf7 40. Kf1 Ke6 41. Ke1 Kd5 42. Kd2 Kc4 43. Kc2 b5 44. Kb2 b4 45. a4 a5 46. Kc2 b3+ 47. Kb2 Kb4 48. f3 Kxa4 49. fxe4 fxe4 50. g3 Kb4 0-1

[Event "FRA-chT U20 0304"]
[Site "France"]
[Date "2004.01.03"]
[Round "6"]
[White "Zaky, Tarik"]
[Black "Josse, Mathilde"]
[Result "1-0"]
[WhiteElo "1099"]
[BlackElo "1350"]
[PlyCount "106"]
[EventDate "2003.11.??"]
[EventType "team-tourn"]
[EventRounds "11"]
[EventCountry "FRA"]
[SourceTitle "EXT 2005"]
[Source "ChessBase"]
[SourceDate "2004.11.15"]
[SourceVersion "1"]
[SourceVersionDate "2004.11.15"]
[SourceQuality "1"]
[WhiteTeam "Clichy"]
[BlackTeam "Guingamp"]
[WhiteTeamCountry "FRA"]
[BlackTeamCountry "FRA"]

1. e4 e5 2. Nf3 Nc6 3. Bc4 Bb4 4. 0-0 Nf6 5. d3 h6 6. Nbd2 d6 7. h3 0-0 8. c3 Ba5 9. Re1 Qe7 10. a3 Be6 11. Bxe6 Qxe6 12. Qc2 Nh5 13. d4 exd4 14. cxd4 Ne7 15. d5 Qg6 16. Nh4 Qf6 17. Nhf3 Ng6 18. Nb3 Bb6 19. Be3 Bxe3 20. Rxe3 Rfc8 21. Rae1 Ne5 22. Nxe5 Qxe5 23. Rc3 c5 24. dxc6 bxc6 25. Rxc6 Qe8 26. Rc1 Rxc6 27. Qxc6 Qd8 28. Nd4 Nf4 29. Qc7 Qf6 30. Qc6 Rf8 31. g3 Nxh3+ 32. Kg2 Qxf2+ 33. Kxh3 Qxd4 34. Qc2 d5 35. exd5 Qxd5 36. Rd1 Qh5+ 37. Kg2 Re8 38. Rd2 g6 39. Rf2 Qg4 40. Qc3 Qe4+ 41. Kh2 Qe6 42. Qf3 Re7 43. Qa8+ Kg7 44. Qf3 h5 45. Qf4 f6 46. b4 g5 47. Qf3 Kg6 48. a4 Rf7 49. Re2 Qg4 50. Qd3+ Kh6 51. Re8 Kg7 52. Qd8 Kg6 53. Rg8+ Kf5 1-0